| 000 | 00708nam a2200217 i 4500 | ||
|---|---|---|---|
| 001 | bgj | ||
| 100 | 1 | _aPORTER LADOUSSE, Gillian | |
| 245 | 1 | 0 |
_aSpeaking Personally : _bquizzes and questionnaires for fluency practice / _cGillian Porter Ladousse. |
| 250 | _a[11th print.]. | ||
| 260 |
_aCambridge : _bCambridge University Press, _c1993. |
||
| 300 |
_aVII, 113 pp : _bill. ; _c24 cm. |
||
| 500 | _a1st published in 1983. | ||
| 650 | 9 |
_aEnglish language _xSpoken English |
|
| 650 | 9 |
_aEnglish language _xStudy and teaching _xForeign speakers |
|
| 020 | _a052128869X (pbk) | ||
| 040 | _cBPK | ||
| 041 | 0 | _aeng | |
| 920 | _a0-521-28869-X (pbk) | ||
| 942 | _cKS | ||
| 008 | s uk f |000 0 eng | ||
| 999 |
_c47965 _d47965 |
||
| 856 |
_uhttp://koha.tu.koszalin.pl/cgi-bin/koha/opac-detail.pl?biblionumber=47965 _yKatalog online BPK |
||